000 00326nam a2200109Ia 4500
008 200302s9999 xx 000 0 und d
100 _aChethika Abenayake
245 _aStakeholder Responses to Climatic Disasters: A Case of Batticaloa, Sri Lanka
260 _bCept University Press Ahmedabad
260 _c2012
300 _a89 P.,
999 _c3187
_d3187